000 00509nam a2200193Ia 4500
003 GCL
008 140319s9999 xx 000 0 eng d
040 _aGCL /
_cGCL
082 0 4 _a005.13
_bJ T
100 1 _aJONES, R. S
245 1 0 _aThe C Programmer's Compenion: Ansi C Library Functions /
_cJONES, R. S
260 _a[S.N] :
_bSILICON PRESS ،
_c1991
300 _a157 P
650 0 4 _aPROGRAMMING
650 0 4 _aLIBRARY
650 0 4 _aAUTOMATION
650 0 4 _aFUNCTIONAL PROGRAMMING
942 _2ddc
_cBK
999 _c24094
_d24094